| 000 | 00611nam a2200181 i 4500 | ||
|---|---|---|---|
| 001 | 50317 | ||
| 003 | ES-MaACL | ||
| 005 | 20230906162148.0 | ||
| 007 | t| | ||
| 008 | 030801s1914 fr ||||1| fre d | ||
| 100 | 1 |
_aCruchet, René. _941765 |
|
| 245 | 1 | 4 |
_aLes universités allemandes au XXe siècle / _cRené Cruchet ; préfacé de Camille Jullian. |
| 260 |
_aParis : _bLibrairie Armand Colin, _c1914 ( _eEvreux : _fCh. Herissey) |
||
| 300 |
_aXCI, 450 p. ; _c19 cm. |
||
| 650 | 4 |
_aUniversidades- _zAlemania- _vHistoria. _9159220 |
|
| 700 | 1 |
_aJullian, Camille ( _d1859-1933) _967255 |
|
| 852 |
_aES-MaACL _jF-6785 |
||
| 999 |
_c50317 _d50317 |
||